000 00365 a2200133 4500
005 20250629124458.0
020 _a9976-78-021-4
082 _a510 ABD
100 _aABDU, A .N . S .
245 _aStudy Guide for Elements of Business Mathematics and Statistics
260 _aDar es salaam,
_bNBAA,
_c2004.
300 _a166P.: ill.; table,
_c29cm.
942 _2ddc
_cBKS
999 _c6335
_d6335